गाँव हमारे कहाँ गए? (Record no. 3022)

MARC details
000 -LEADER
fixed length control field 01144 a2200241 4500
005 - DATE AND TIME OF LATEST TRANSACTION
control field 20080911104029.0
008 - FIXED-LENGTH DATA ELEMENTS--GENERAL INFORMATION
fixed length control field 080911t xxu||||| |||| 00| 0 hin d
010 ## - LIBRARY OF CONGRESS CONTROL NUMBER
LC control number HIN-79581
020 ## - INTERNATIONAL STANDARD BOOK NUMBER
International Standard Book Number 8187305096
Terms of availability 130.00
035 ## - SYSTEM CONTROL NUMBER
System control number HN-51927
037 ## - SOURCE OF ACQUISITION
Source of stock number/acquisition D.B.Act / pub
082 ## - DEWEY DECIMAL CLASSIFICATION NUMBER
Classification number 821
100 ## - MAIN ENTRY--PERSONAL NAME
Personal name शर्मा, धर्मवीर
245 ## - TITLE STATEMENT
Title गाँव हमारे कहाँ गए?
Statement of responsibility, etc धर्मवीर शर्मा
246 ## - VARYING FORM OF TITLE
Title proper/short title Gaon Hamare kahan gaye
Remainder of title by Dharmvir Sharma
260 ## - PUBLICATION, DISTRIBUTION, ETC. (IMPRINT)
Place of publication, distribution, etc दिल्ली
Name of publisher, distributor, etc हिन्दी पॉकेट बुक्स
Date of publication, distribution, etc 2005
270 ## - ADDRESS
Address आर-2/29 गुरूद्वारा रोड रमेश पार्क लक्ष्मीनगर
City दिल्ली
Postal code 110092
300 ## - PHYSICAL DESCRIPTION
Extent 115पृ
Dimensions 22 सेमी (सजिल्द)
650 ## - SUBJECT ADDED ENTRY--TOPICAL TERM
Topical term or geographic name as entry element हिन्दी कविताएँ
650 ## - SUBJECT ADDED ENTRY--TOPICAL TERM
Topical term or geographic name as entry element Hindi poems
942 ## - ADDED ENTRY ELEMENTS (KOHA)
Institution code [OBSOLETE] dpl
Koha item type Hindi Books
Call number prefix 821 / शर्माध
Source of classification or shelving scheme Dewey Decimal Classification
Classification part 821
Call number suffix शर्माध
Holdings
Withdrawn status Lost status Damaged status Not for loan Home library Current library Date acquired Cost, normal purchase price Total Checkouts Full call number Barcode Date last seen Copy number Uniform Resource Identifier Cost, replacement price Price effective from Koha item type
        D.B.Act.Division D.B.Act.Division 11/09/2008 130.00   821 शर्माध HN-51927 15/09/2008 1 3216 130.00 15/09/2008 Hindi Books

© Delhi Public Library
Hit Counter
free hit counter